Prétendants au Trône de France - Statistiques

Statistiques générales
  • Ce quiz a été pris 27 fois
  • Le résultat moyen est 17 sur 21
Statistiques - réponses
Lignée Période Prénom % Correct
Légitimiste 1836-1844 XIX Louis
100%
Légitimiste 1989-Auj XX Louis
100%
Légitimiste 1883-1887 III Jean
90%
Orléaniste 1926-1940 III Jean
90%
Orléaniste 2019-auj IV Jean
90%
Légitimiste 1887-1909 XI Charles
86%
Légitimiste 1931-1936 XII Charles
86%
Légitimiste 1844-1883 V Henri
86%
Légitimiste 1941-1975 VI Henri
86%
Orléaniste 1940-1999 VI Henri
86%
Orléaniste 1999-2019 VII Henri
86%
Bonapartiste 1873-1879 IV Napoléon
86%
Bonapartiste 1879-1926 V Napoléon
86%
Bonapartiste 1926-1997 VI Napoléon
86%
Bonapartiste 1997-auj VII Napoléon
86%
Orléaniste 1850-1883 II Louis-Philippe
81%
Orléaniste 1883-1894 VII Philippe
81%
Orléaniste 1894-1926 VIII Philippe
81%
Légitimiste 1936-1941 Ier Alphonse
48%
Légitimiste 1975-1989 II Alphonse
48%
Légitimiste 1909-1931 Ier Jacques
43%
Aucun quiz correspondant
Distribution des résultats
% des personnes avec chaque résultat
Percentile par nombre de réponses
Votre historique - résultats
Vous n’avez pas pris ce quiz